[Event "Memorial V.Pirc (cat.7)"]
[Site "masterchessopen.com Maribor (Slovenia)"]
[Round "4"]
[White "Kozul Zdenko (CRO)"]
[Black "Krivec Jana (SLO)"]
[Result "1-0"]
[WhiteElo "2640"]
[BlackElo "2214"]

1.d4 d5 2.Nf3 Nf6 3.c4 dxc4 4.e3 e6 5.Bxc4 c5 6.O-O a6 7.dxc5 Bxc5 8.Qxd8+
Kxd8 9.Be2 Nc6 10.b3 Ke7 11.Bb2 Rd8 12.Rc1 Bd6 13.Nbd2 Kf8 14.Nc4 Bc7 15.Nce5
Bxe5 16.Nxe5 Rd2 17.Ba3+ Rd6 {#r} 1-0

[Event "Ch Commonwealth"]
[Site "masterchessopen.com Mumbai (India)"]
[Round "5"]
[White "Rahman Ziaur (BAN)"]
[Black "Goswami Vedant (IND)"]
[Result "1-0"]
[WhiteElo "2535"]
[BlackElo "2202"]

1.Nf3 Nf6 2.c4 c6 3.d4 d5 4.e3 e6 5.Bd3 dxc4 6.Bxc4 c5 7.O-O a6 8.Bb3 Nc6
9.Nc3 Be7 10.Qe2 O-O 11.Rd1 Qc7 12.h3 Rd8 13.a3 Bd7 14.dxc5 Bxc5 15.e4 Be8
16.Be3 Bxe3 17.Qxe3 Nd7 18.Na4 b5 19.Nc5 Qa7 20.Rdc1 Rac8 21.Ba2 a5 22.Rc2
Nxc5 23.Rxc5 Nd4 24.Rxc8 Nxf3+ 25.Kh1 {#r} 1-0

[Event "It (open)"]
[Site "masterchessopen.com Nikea (Greece)"]
[Round "2"]
[White "Skembris Spyridon (GRE)"]
[Black "Trivizas Mihail (GRE)"]
[Result "1-0"]
[WhiteElo "2446"]
[BlackElo "2063"]

1.d4 d5 2.c4 dxc4 3.Nf3 Nf6 4.e3 e6 5.Bxc4 c5 6.O-O a6 7.Bd3 Nc6 8.Nc3 b5 9.a4
b4 10.Ne4 cxd4 11.exd4 Nxe4 12.Bxe4 Bb7 13.d5 Na5 14.dxe6 Qxd1 15.exf7+ Kxf7
16.Rxd1 Bxe4 17.Ng5+ Kg6 18.Nxe4 {#r} 1-0

[Event "It (open)"]
[Site "masterchessopen.com Portoroz (Slovenia)"]
[Round "6"]
[White "Nedimovic Ljubisa (SLO)"]
[Black "Zakharchenko Arnold (UKR)"]
[Result "0-1"]
[WhiteElo "2200"]
[BlackElo "2302"]

1.d4 d5 2.c4 dxc4 3.Nf3 Nf6 4.e3 e6 5.Bxc4 c5 6.O-O a6 7.Bb3 Nc6 8.Nc3 cxd4
9.exd4 Be7 10.d5 exd5 11.Nxd5 Nxd5 12.Bxd5 O-O 13.Bxc6 bxc6 14.Qc2 Be6 15.Rd1
Bd5 16.Be3 Qc8 17.Nd4 Bf6 18.Rac1 Qb7 19.Nb3 Rfe8 20.Bd4 Bg5 21.Nc5 Qc8 22.Ra1
Qg4 23.f3 Bxf3 24.Rd3 Re2 {#R} 0-1

[Event "Ch Murcia"]
[Site "masterchessopen.com Totana (Spain)"]
[Round "2"]
[White "Sabater Sanchez Asensio (ESP)"]
[Black "Garcia Munoz Raul (ESP)"]
[Result "1-0"]
[WhiteElo "2168"]
[BlackElo "2178"]

1.d4 d5 2.c4 dxc4 3.Nf3 Nf6 4.e3 e6 5.Bxc4 c5 6.O-O a6 7.a4 Nc6 8.Nc3 Be7
9.Qe2 O-O 10.Rd1 cxd4 11.Nxd4 Nxd4 12.exd4 Qc7 13.Bg5 Re8 14.d5 Nxd5 15.Rxd5
f6 16.Bh4 b5 17.axb5 axb5 18.Rxa8 exd5 19.Nxd5 Qxc4 20.Qxc4 bxc4 21.Rxc8 Kf7
22.Rxe8 {#r} 1-0

[Event "Ch Poland (team) (1 liga)"]
[Site "masterchessopen.com Ustron (Poland)"]
[Round "0"]
[White "Krysztofiak Marcin (POL)"]
[Black "Kwiatkowski Maciej (POL)"]
[Result "1-0"]
[WhiteElo "2410"]
[BlackElo "2092"]

1.d4 d5 2.c4 dxc4 3.Nf3 Nf6 4.e3 e6 5.Bxc4 c5 6.O-O a6 7.a4 Nc6 8.Nc3 Be7
9.Ne5 Qc7 10.Nxc6 Qxc6 11.Bb5 axb5 12.axb5 Qc7 13.Rxa8 O-O 14.dxc5 Bxc5 15.Qf3
h6 16.Ne4 Nxe4 17.Qxe4 Bd6 18.Bd2 Bxh2+ 19.Kh1 f5 20.Qh4 {#r} 1-0

[Event "Ch Poland (team) (1 liga)"]
[Site "masterchessopen.com Ustron (Poland)"]
[Round "0"]
[White "Szymanski Marcin (POL)"]
[Black "Gralka Przemyslaw (POL)"]
[Result "0-1"]
[WhiteElo "2414"]
[BlackElo "2273"]

1.d4 d5 2.c4 dxc4 3.Nf3 Nf6 4.e3 e6 5.Bxc4 c5 6.O-O a6 7.a4 Nc6 8.Qe2 cxd4
9.Rd1 Be7 10.exd4 O-O 11.Nc3 Nb4 12.Ne5 b6 13.Ne4 Bb7 14.Nxf6+ Bxf6 15.Ra3 Bd5
16.Bxd5 Nxd5 17.Rh3 g6 18.Bh6 Re8 19.Ng4 Bg5 20.Qe5 Bf6 {#R} 0-1

[Event "It (open)"]
[Site "masterchessopen.com Vlissingen (Netherlands)"]
[Round "5"]
[White "Pedersen Steffen (DEN)"]
[Black "Tiggelman Rene (NED)"]
[Result "1-0"]
[WhiteElo "2441"]
[BlackElo "2172"]

1.d4 d5 2.c4 dxc4 3.Nf3 Nf6 4.e3 e6 5.Bxc4 c5 6.O-O a6 7.dxc5 Bxc5 8.Qxd8+
Kxd8 9.Nbd2 Ke7 10.Be2 Nbd7 11.Ne1 b5 12.Nb3 Bb7 13.Nxc5 Nxc5 14.f3 Rhd8 15.b3
Rac8 16.Ba3 Ke8 17.Rc1 Rd2 18.Rf2 Nce4 19.Rxc8+ Bxc8 20.fxe4 Nxe4 21.Bb4 {#r}
1-0

[Event "It (open)"]
[Site "masterchessopen.com Southend (England)"]
[Date "2003.04.18"]
[Round "2"]
[White "Wells Peter K (ENG)"]
[Black "Nelson Omowale (JAM)"]
[Result "1-0"]
[WhiteElo "2504"]
[BlackElo "2086"]

1.d4 d5 2.c4 dxc4 3.Nf3 Nf6 4.e3 e6 5.Bxc4 c5 6.O-O a6 7.a4 Nc6 8.Qe2 cxd4
9.Rd1 Be7 10.exd4 O-O 11.Nc3 Nb4 12.Ne5 Qa5 13.Bd2 Rd8 14.Na2 g6 15.Bc3 Bd7
16.Qe1 b5 17.axb5 {#r} 1-0

[Event "It (open) \"]
[Site "masterchessopen.com Berlin (Germany)"]
[Date "2003.08.23"]
[Round "8"]
[White "Wendt Jan-Dietrich (GER)"]
[Black "Kaiser Martin (GER)"]
[Result "1-0"]
[WhiteElo "2296"]
[BlackElo "2207"]

1.Nf3 d5 2.d4 Nf6 3.c4 dxc4 4.e3 e6 5.Bxc4 c5 6.O-O a6 7.Bb3 cxd4 8.exd4 Be7
9.Nc3 O-O 10.Re1 b5 11.d5 exd5 12.Nxd5 Nxd5 13.Qxd5 Qxd5 14.Bxd5 Ra7 15.Bf4
Bf5 16.Nd4 Bg6 17.Bxb8 Rd7 18.Nc6 {#r} 1-0

[Event "Tournament \"]
[Site "masterchessopen.com Internet"]
[Round "0"]
[White "Trajkovic Predrag (SRB)"]
[Black "Andersson Ulf (SWE)"]
[Result "1-0"]
[WhiteElo "2432"]
[BlackElo "2580"]

1.d4 d5 2.c4 dxc4 3.Nf3 Nf6 4.e3 e6 5.Bxc4 c5 6.O-O a6 7.a4 Nc6 8.Nc3 Be7
9.Qe2 cxd4 10.Rd1 O-O 11.exd4 Nb4 12.Bg5 Bd7 13.d5 exd5 14.Nxd5 Nfxd5 15.Bxe7
Nxe7 16.Ne5 Ned5 17.Bxd5 Nxd5 18.Rxd5 Bg4 19.Qc4 {#r} 1-0

[Event "Bundesliga 2003/04 (w)"]
[Site "masterchessopen.com Germany"]
[Date "2004.03.14"]
[Round "8"]
[White "Bosboom-Lanchava Tea (NED)"]
[Black "Morgenstern Petra (GER)"]
[Result "1-0"]
[WhiteElo "2352"]
[BlackElo "2062"]

1.d4 d5 2.Nf3 Nf6 3.c4 dxc4 4.e3 e6 5.Bxc4 c5 6.O-O a6 7.Bb3 b5 8.e4 Bb7 9.e5
Nd5 10.Nc3 cxd4 11.Ne2 Nd7 12.Nexd4 Bc5 13.Ng5 Qb6 14.Nf5 Nxe5 15.Nxg7+ Ke7
16.Qe2 Bd6 17.Rd1 h6 18.Ne4 Bc7 19.Bxd5 Bxd5 20.Be3 Qb8 21.Bc5+ Kd8 22.Nf6 Qb7
23.f4 Ng6 24.Nxe6+ fxe6 25.Qxe6 Nxf4 26.Qd7# 1-0

[Event "Ch Poland (juniors) (under 16)"]
[Site "masterchessopen.com Leba (Poland)"]
[Date "2004.03.29"]
[Round "3"]
[White "Luch Michal (POL)"]
[Black "Warakomski Tomasz (POL)"]
[Result "1-0"]
[WhiteElo "2364"]
[BlackElo "2298"]

1.d4 d5 2.c4 dxc4 3.Nf3 Nf6 4.e3 e6 5.Bxc4 c5 6.O-O a6 7.Bb3 Nc6 8.Nc3 Be7
9.dxc5 Bxc5 10.Qe2 Qc7 11.Bd2 O-O 12.Rac1 Ba7 13.h3 e5 14.e4 Nd4 15.Nxd4 exd4
16.Nd5 Qd7 17.Nxf6+ gxf6 18.Qf3 Bb8 19.Qxf6 Qd6 20.Bxf7+ {#r} 1-0

[Event "Ch Russia (juniors) (under 16) (g)"]
[Site "masterchessopen.com Dagomys (Russia)"]
[Round "6"]
[White "Demina Marya (RUS)"]
[Black "Buldakova Evgenia (RUS)"]
[Result "1-0"]
[WhiteElo "2100"]
[BlackElo "2051"]

1.d4 d5 2.c4 dxc4 3.Nf3 Nf6 4.e3 e6 5.Bxc4 c5 6.O-O a6 7.a4 Nc6 8.Qe2 cxd4
9.Rd1 Be7 10.exd4 O-O 11.Nc3 Nb4 12.Bg5 b6 13.Ne5 Nbd5 14.Nxd5 exd5 15.Nc6 Qe8
16.Nxe7+ Kh8 17.Nxc8 Qxc8 18.Bxf6 dxc4 19.Be5 {#r} 1-0

[Event "It (open)"]
[Site "masterchessopen.com Omis (Croatia)"]
[Date "2004.10.06"]
[Round "1"]
[White "Jovanic Ognjen (CRO)"]
[Black "Maslov Zeljko (CRO)"]
[Result "1-0"]
[WhiteElo "2475"]
[BlackElo "2063"]

1.d4 d5 2.c4 dxc4 3.e3 Nf6 4.Bxc4 e6 5.Nf3 c5 6.O-O a6 7.Bb3 Nc6 8.Qe2 cxd4
9.Rd1 Be7 10.exd4 O-O 11.Nc3 Nb4 12.Ne5 Nbd5 13.Rd3 Bd7 14.Rg3 Re8 15.Bh6 g6
16.h4 Bf8 17.Bxf8 Rxf8 18.h5 Nf4 19.Qd2 N4xh5 20.Rh3 Bc6 21.Rd1 Ng7 22.g4 h5
23.f3 Nd7 24.Nxd7 Bxd7 25.Qh6 {#r} 1-0

[Event "NRW Klasse 1 2004/05"]
[Site "masterchessopen.com Germany"]
[Date "2004.10.10"]
[Round "1"]
[White "Berkvens Joost (NED)"]
[Black "Antoniewski Rafal (POL)"]
[Result "0-1"]
[WhiteElo "2453"]
[BlackElo "2480"]

1.d4 d5 2.c4 dxc4 3.Nf3 Nf6 4.e3 e6 5.Bxc4 c5 6.O-O a6 7.a4 Nc6 8.Qe2 Qc7
9.Rd1 Bd6 10.Nc3 O-O 11.h3 b6 12.dxc5 Bxc5 13.e4 Nh5 14.e5 Ng3 15.Qe1 Nb4
16.Bf4 Nh5 17.Bh2 Nc2 18.Qe2 Nxa1 19.g4 Bb7 20.Ng5 Qc6 21.Qe4 Qxe4 22.Ngxe4
Nc2 23.gxh5 Rfd8 24.Nd6 Bf3 25.Rd2 Nd4 26.b4 Bc6 {#R} 0-1

[Event "It (open)"]
[Site "masterchessopen.com Fouesnant (France)"]
[Date "2004.10.28"]
[Round "7"]
[White "Jolly Jean-Francois (FRA)"]
[Black "Colin Erwan"]
[Result "1-0"]
[WhiteElo "2173"]
[BlackElo "1810"]

1.d4 d5 2.c4 dxc4 3.Nf3 Nf6 4.e3 e6 5.Bxc4 c5 6.O-O a6 7.a4 cxd4 8.exd4 Be7
9.Qe2 Nc6 10.Rd1 Nb4 11.Ne5 Nbd5 12.Nc3 O-O 13.Rd3 Nxc3 14.bxc3 Qa5 15.Rg3 Rd8
16.Bh6 g6 17.h4 Nd5 18.h5 {#r} 1-0

[Event "Ch World (juniors) (under 18) (g)"]
[Site "masterchessopen.com Heraklio (Greece)"]
[Date "2004.11.05"]
[Round "2"]
[White "Zenyuk Iryna (USA)"]
[Black "Muhren Bianca (NED)"]
[Result "1-0"]
[WhiteElo "2153"]
[BlackElo "2343"]

1.d4 d5 2.Nf3 Nf6 3.c4 dxc4 4.e3 c5 5.Bxc4 e6 6.O-O a6 7.Bb3 Nc6 8.Nc3 cxd4
9.exd4 Be7 10.Bg5 O-O 11.Qd2 Na5 12.Bc2 b5 13.Rad1 Nc4 14.Qf4 Bb7 15.Qh4 g6
16.d5 Bxd5 17.Ne4 Kg7 18.Qh6+ Kg8 19.Bxf6 Bxf6 20.Neg5 {#r} 1-0

[Event "Memorial T.Petrosian (open)"]
[Site "masterchessopen.com Yerevan (Armenia)"]
[Date "2004.11.23"]
[Round "5"]
[White "Arutinian David (GEO)"]
[Black "Hovhannisyan Robert (ARM)"]
[Result "1-0"]
[WhiteElo "2451"]
[BlackElo "2233"]

1.d4 d5 2.c4 dxc4 3.e3 Nf6 4.Nf3 e6 5.Bxc4 c5 6.O-O a6 7.a4 Nc6 8.Qe2 cxd4
9.Rd1 Be7 10.exd4 O-O 11.Nc3 Nb4 12.Ne5 h6 13.Bb3 Nbd5 14.Rd3 Kh8 15.Rh3 Qb6
16.Qd1 Nxc3 17.bxc3 Ne4 18.Bxh6 Kg8 19.Bc1 Ng5 20.Rh5 Qd8 21.Qd3 f5 22.Ng6 Ne4
23.Nxf8 Qxf8 24.Qh3 Qf6 25.Rxf5 Qg6 26.Re5 {#r} 1-0

[Event "It (open)"]
[Site "masterchessopen.com Znojmo (Czech Republic)"]
[Date "2005.05.20"]
[Round "7"]
[White "Sipl Frantisek (CZE)"]
[Black "Snorek Milan (CZE)"]
[Result "0-1"]
[WhiteElo "1935"]
[BlackElo "2158"]

1.d4 d5 2.c4 dxc4 3.e3 Nf6 4.Bxc4 e6 5.Nf3 c5 6.O-O a6 7.Bd3 Nc6 8.dxc5 Bxc5
9.a3 O-O 10.Qc2 Bd6 11.Rd1 Qe7 12.b4 e5 13.Ng5 h6 14.Ne4 Nxe4 15.Bxe4 Be6
16.Bf5 Rac8 17.Bxe6 Qxe6 18.Qe4 f5 19.Qf3 e4 20.Qh3 Be5 {#R} 0-1

[Event "It (open) \"]
[Site "masterchessopen.com St.Petersburg (Russia)"]
[Date "2005.06.18"]
[Round "1"]
[White "Yevseev Denis (RUS)"]
[Black "Vrublevskaya Olga (RUS)"]
[Result "1-0"]
[WhiteElo "2554"]
[BlackElo "2148"]

1.d4 d5 2.c4 dxc4 3.Nf3 e6 4.e3 Nf6 5.Bxc4 c5 6.O-O a6 7.Bb3 Nc6 8.Nc3 cxd4
9.exd4 Be7 10.Bg5 O-O 11.Qd2 Na5 12.Bc2 b5 13.Qf4 Bb7 14.Rad1 Rc8 15.Qh4 g6
16.d5 exd5 17.Rfe1 Rc4 18.Nd4 h6 19.Bxh6 Ne4 20.Qh3 Bc8 21.Qf3 Re8 22.Nxd5
Qxd5 23.Bxe4 Qh5 24.Bd5 Qxf3 25.Nxf3 {#r} 1-0

[Event "It \"]
[Site "masterchessopen.com Copenhagen (Denmark)"]
[Date "2005.07.18"]
[Round "4"]
[White "Schandorff Lars (DEN)"]
[Black "Petersen Soren Boeck (DEN)"]
[Result "1-0"]
[WhiteElo "2517"]
[BlackElo "2250"]

1.d4 d5 2.c4 dxc4 3.e3 Nf6 4.Bxc4 e6 5.Nf3 c5 6.O-O a6 7.a4 Nc6 8.Qe2 cxd4
9.Rd1 Be7 10.exd4 O-O 11.Nc3 Nd5 12.Bb3 b6 13.Nxd5 exd5 14.Ne5 Nb4 15.Bd2 Be6
16.Rac1 Qd6 17.Qf3 Rfc8 18.Bxb4 Qxb4 19.Bxd5 Rxc1 20.Rxc1 Qxb2 21.Nd3 {#r} 1-0

[Event "Ch Netherlands (open)"]
[Site "masterchessopen.com Dieren (Netherlands)"]
[Date "2005.07.28"]
[Round "3"]
[White "Halay Taufik (INA)"]
[Black "Zhang Tony (NED)"]
[Result "1-0"]
[WhiteElo "2369"]
[BlackElo "2163"]

1.d4 d5 2.c4 dxc4 3.e3 Nf6 4.Bxc4 e6 5.Nf3 c5 6.O-O a6 7.Bb3 Nc6 8.Nc3 Be7
9.a3 O-O 10.Qd3 b5 11.Bc2 Bb7 12.Rd1 Qb6 13.e4 cxd4 14.e5 Nxe5 15.Nxe5 Rfd8
16.Ne2 Be4 17.Qb3 Qb7 18.f3 d3 19.Bxd3 Bd5 20.Qc2 Rac8 21.Nc3 Bc5+ 22.Kh1 {#r}
1-0

[Event "It (open)"]
[Site "masterchessopen.com Nice (France)"]
[Date "2005.08.02"]
[Round "3"]
[White "Dunis Aurelien (FRA)"]
[Black "Ivanov Jordan (BUL)"]
[Result "1-0"]
[WhiteElo "2534"]
[BlackElo "2359"]

1.d4 d5 2.Nf3 Nf6 3.c4 dxc4 4.e3 e6 5.Bxc4 c5 6.O-O a6 7.Bb3 Nc6 8.Nc3 cxd4
9.exd4 Be7 10.Re1 O-O 11.Bf4 Na5 12.d5 Nxb3 13.Qxb3 Nxd5 14.Rad1 Nxf4 15.Rxd8
Rxd8 16.Rd1 Rxd1+ 17.Qxd1 f6 18.g3 Ng6 19.Na4 Nf8 20.Nb6 Rb8 21.Qb3 a5 22.Qc4
{#r} 1-0

[Event "Ch Europe (team)"]
[Site "masterchessopen.com Goteborg (Sweden)"]
[Date "2005.08.04"]
[Round "6"]
[White "Weber Jean-Marie (LUX)"]
[Black "Florentiades Michalis (CYP)"]
[Result "1-0"]
[WhiteElo "2265"]
[BlackElo "2070"]

1.d4 d5 2.c4 dxc4 3.e3 e6 4.Bxc4 Nf6 5.Nf3 c5 6.O-O a6 7.Bb3 Nc6 8.Nc3 Be7
9.Qe2 cxd4 10.Rd1 O-O 11.Nxd4 Nxd4 12.Rxd4 Qc7 13.e4 Ng4 14.Qxg4 e5 15.Qg3 Bh4
16.Qxh4 exd4 17.Nd5 Qe5 18.Ne7+ Kh8 19.Bxf7 g5 20.Bxg5 Kg7 21.Bg6 {#r} 1-0

[Event "Ch Region"]
[Site "masterchessopen.com Tula (Russia)"]
[Date "2005.08.07"]
[Round "3"]
[White "Khanov Vjacheslav (RUS)"]
[Black "Smirnov Alexander (RUS)"]
[Result "0-1"]
[WhiteElo "2237"]
[BlackElo "2201"]

1.d4 d5 2.c4 dxc4 3.Nf3 Nf6 4.e3 e6 5.Bxc4 c5 6.O-O a6 7.a4 Nc6 8.Nc3 cxd4
9.exd4 Be7 10.Be3 O-O 11.Ne5 Bd7 12.Qe2 Nb4 13.Rfd1 Bc6 14.Bg5 Nfd5 15.Nxc6
bxc6 16.Bxe7 Qxe7 17.Ne4 a5 18.Rac1 Rfd8 19.b3 Ra7 20.Nc5 Qf6 21.Qe4 Na2
22.Nd3 Ndc3 {#R} 0-1

[Event "Ch Region"]
[Site "masterchessopen.com Tula (Russia)"]
[Date "2005.08.11"]
[Round "7"]
[White "Drizgalovich Mikhail (RUS)"]
[Black "Grachev Maxim (RUS)"]
[Result "1-0"]
[WhiteElo "2110"]
[BlackElo "1991"]

1.d4 d5 2.c4 dxc4 3.Nf3 Nf6 4.e3 e6 5.Bxc4 c5 6.O-O a6 7.a4 Nc6 8.Nc3 Qc7 9.d5
Ne5 10.Nxe5 Qxe5 11.f4 Qc7 12.e4 exd5 13.e5 d4 14.exf6 dxc3 15.Re1+ Be6 16.f5
{#r} 1-0

[Event "It (open)"]
[Site "masterchessopen.com Le Touquet (France)"]
[Date "2005.10.26"]
[Round "5"]
[White "Dutel Francois (FRA)"]
[Black "Levers Christelle (FRA)"]
[Result "1-0"]
[WhiteElo "1842"]
[BlackElo "1691"]

1.d4 d5 2.c4 dxc4 3.Nf3 Nf6 4.e3 e6 5.Bxc4 c5 6.O-O a6 7.a4 Nc6 8.Nc3 Qc7
9.Qe2 b6 10.Rd1 Bb7 11.d5 exd5 12.Nxd5 Nxd5 13.Bxd5 Be7 14.b3 O-O 15.Bb2 Nb4
16.Bc4 Be4 17.Rd2 Rad8 18.Rad1 Bd6 19.h3 Bxf3 20.Qxf3 Bh2+ 21.Kh1 Rxd2 22.Rxd2
Be5 23.Bxe5 Qxe5 24.Qxf7+ {#r} 1-0

[Event "Tournament (Elo) (c)"]
[Site "masterchessopen.com Budapest (Hungary)"]
[Date "2005.12.03"]
[Round "1"]
[White "Szabo Bence (HUN)"]
[Black "Kelemen Lajos Dr (HUN)"]
[Result "1-0"]
[WhiteElo "2009"]
[BlackElo "1446"]

1.d4 d5 2.c4 dxc4 3.Nf3 Nf6 4.e3 e6 5.Bxc4 c5 6.O-O a6 7.Re1 b5 8.Be2 c4 9.a4
Bb7 10.b3 Bb4 11.Rf1 c3 12.axb5 a5 13.Na3 O-O 14.Nc2 Ne4 15.Ba3 Bxa3 16.Nxa3
Qe7 17.Nc4 Qb4 18.Bd3 Rc8 19.Nb6 Ra7 20.Nxc8 Ra8 21.Ra4 Qf8 22.Nb6 Ra7 23.Nc4
Qd8 24.Qa1 Bd5 25.Bxe4 Bxe4 26.Qxc3 {#r} 1-0

[Event "Tournament"]
[Site "masterchessopen.com Internet"]
[Date "2005.12.17"]
[Round "1"]
[White "Zivanic Marko (SRB)"]
[Black "Feller Sebastien (FRA)"]
[Result "1-0"]
[WhiteElo "2454"]
[BlackElo "2303"]

1.d4 d5 2.c4 dxc4 3.Nf3 e6 4.e3 Nf6 5.Bxc4 c5 6.O-O a6 7.Bb3 Nc6 8.Nc3 b5 9.d5
exd5 10.a4 c4 11.axb5 Na5 12.Ba4 axb5 13.Bxb5+ Bd7 14.Qa4 Bc5 15.Ne5 Ra7
16.Nxd7 Nxd7 17.Nxd5 Nc6 18.Qxc4 Rxa1 19.Bxc6 Bd6 20.Qg4 Qc7 21.Nxc7+ {#r} 1-0

[Event "It (open)"]
[Site "masterchessopen.com Bad Zwesten (Germany)"]
[Round "6"]
[White "Schulze Ulrich (GER)"]
[Black "Donchenko Anatoly G (GER)"]
[Result "0-1"]
[WhiteElo "2304"]
[BlackElo "2395"]

1.d4 d5 2.Nf3 Nf6 3.c4 dxc4 4.e3 e6 5.Bxc4 c5 6.O-O a6 7.b3 cxd4 8.Nxd4 Bd7
9.Bb2 Nc6 10.Nd2 Be7 11.N4f3 b5 12.Bd3 Nb4 13.Bb1 Bc6 14.Qe2 Nbd5 15.g3 b4
16.Ne4 Bb5 {#R} 0-1

[Event "It (open)"]
[Site "masterchessopen.com Villa Ballester (Argentina)"]
[Date "2006.01.08"]
[Round "4"]
[White "Lemos Damian (ARG)"]
[Black "Caramia Javier (ARG)"]
[Result "1-0"]
[WhiteElo "2371"]
[BlackElo "2169"]

1.d4 Nf6 2.Nf3 d5 3.c4 dxc4 4.e3 e6 5.Bxc4 c5 6.O-O a6 7.Be2 Nc6 8.Ne5 cxd4
9.Nxc6 bxc6 10.exd4 Bd6 11.Nc3 Qc7 12.h3 O-O 13.Be3 Rd8 14.Qc2 c5 15.dxc5 Bxc5
16.Na4 Bd6 17.Qxc7 Bxc7 18.Rac1 Nd5 19.Bf3 Nxe3 20.Bxa8 Nxf1 21.Rxc7 Nd2
22.Nb6 {#r} 1-0

[Event "Ch France (team) (nat.2) 2005/06"]
[Site "masterchessopen.com France"]
[Date "2006.01.15"]
[Round "6"]
[White "Gerard Nicolas (FRA)"]
[Black "David Vincent (FRA)"]
[Result "0-1"]
[WhiteElo "2333"]
[BlackElo "2371"]

1.d4 d5 2.c4 dxc4 3.Nf3 e6 4.e3 Nf6 5.Bxc4 c5 6.O-O a6 7.e4 cxd4 8.e5 Nfd7
9.Qxd4 Nc6 10.Qe4 Be7 11.Re1 O-O 12.Nc3 Qc7 13.Bd3 g6 14.Qe2 Rd8 15.Bf4 Nc5
16.Bc2 Bd7 17.a3 Be8 18.Rac1 Rac8 19.b4 Nd7 20.Bb3 Nb6 21.Ne4 Nd5 22.Bg3 Nd4
23.Nxd4 Qxc1 {#R} 0-1

[Event "It (open)"]
[Site "masterchessopen.com Moscow (Russia)"]
[Date "2006.02.04"]
[Round "7"]
[White "Gavrilov Alexei (RUS)"]
[Black "Kuzevanova Evgenia (RUS)"]
[Result "1-0"]
[WhiteElo "2465"]
[BlackElo "2191"]

1.d4 d5 2.c4 dxc4 3.e3 Nf6 4.Bxc4 e6 5.Nf3 c5 6.O-O a6 7.Bb3 b5 8.a4 b4 9.e4
cxd4 10.Nbd2 Be7 11.e5 Nfd7 12.Nc4 Nc6 13.Bf4 Bb7 14.Nd6+ Bxd6 15.exd6 e5
16.Ng5 O-O 17.Qh5 Nf6 18.Nxf7 Nxh5 19.Nxd8+ Kh8 20.Nxb7 Nxf4 21.g3 Nd3 22.Rad1
Ra7 {#r} 1-0

[Event "Czech League 2005/06 (2nd) (f)"]
[Site "masterchessopen.com Czech Republic"]
[Date "2006.02.26"]
[Round "8"]
[White "Zelenka Milan (CZE)"]
[Black "Kubin Petr (CZE)"]
[Result "1-0"]
[WhiteElo "2166"]
[BlackElo "2040"]

1.d4 d5 2.c4 dxc4 3.Nf3 Nf6 4.e3 e6 5.Bxc4 c5 6.O-O a6 7.a4 Nc6 8.Nc3 Be7 9.b3
O-O 10.Bb2 cxd4 11.exd4 Nb4 12.Ne5 Nbd5 13.Rc1 Qd6 14.Re1 Nxc3 15.Rxc3 Nd5
16.Rg3 f6 17.Bc1 f5 18.Qh5 f4 19.Bd3 {#r} 1-0

[Event "Ch Russia (juniors) (under 14) (g)"]
[Site "masterchessopen.com Dagomys (Russia)"]
[Round "5"]
[White "Buzukashvili Sofia (RUS)"]
[Black "Mustafina Dinara (RUS)"]
[Result "1-0"]
[WhiteElo "2001"]
[BlackElo "1775"]

1.d4 d5 2.c4 dxc4 3.Nf3 Nf6 4.e3 e6 5.Bxc4 c5 6.O-O a6 7.a4 b6 8.Qe2 Bb7 9.Nc3
Nbd7 10.Rd1 cxd4 11.exd4 Be7 12.Ne5 Qc7 13.f4 Rc8 14.Ba2 g6 15.Nxf7 Kxf7
16.Qxe6+ Ke8 17.Re1 Ng8 18.f5 Qc6 19.Qf7+ Kd8 20.Bd5 Qd6 21.Bxb7 Rb8 22.Bxa6
Qxd4+ 23.Be3 Qd6 24.Rad1 Qc7 25.Bd4 Nh6 26.Qxe7# 1-0

[Event "It (open) (active)"]
[Site "masterchessopen.com Canada de Calatrava (Spain)"]
[Date "2006.04.16"]
[Round "9"]
[White "Tregubov Pavel V (RUS)"]
[Black "Guliyev Namig (AZE)"]
[Result "1-0"]
[WhiteElo "2596"]
[BlackElo "2542"]

1.d4 d5 2.c4 dxc4 3.e3 Nf6 4.Bxc4 e6 5.Nf3 c5 6.O-O a6 7.Bb3 Nc6 8.Nc3 Be7
9.dxc5 Qxd1 10.Rxd1 Bxc5 11.Bd2 Bd7 12.Rac1 Ba7 13.Be1 Ke7 14.Na4 Ne4 15.Nd2
Rhd8 16.Nc5 Nxc5 17.Rxc5 {#r} 1-0

[Event "It (open)"]
[Site "masterchessopen.com Elancourt (France)"]
[Date "2006.04.18"]
[Round "3"]
[White "Gerard Nicolas (FRA)"]
[Black "Chasez Fabien (FRA)"]
[Result "1-0"]
[WhiteElo "2333"]
[BlackElo "1952"]

1.d4 d5 2.c4 dxc4 3.Nf3 Nf6 4.e3 e6 5.Bxc4 c5 6.O-O a6 7.e4 Nxe4 8.d5 exd5
9.Bxd5 Nd6 10.Re1+ Be7 11.Bg5 Be6 12.Bxe6 fxe6 13.Rxe6 Nc8 14.Qb3 Qd7 15.Nc3
Nc6 16.Rae1 Rf8 17.Ne5 Nxe5 18.R6xe5 b6 19.Rxe7+ Nxe7 20.Rxe7+ Qxe7 21.Bxe7
Kxe7 22.Qxb6 {#r} 1-0

[Event "Ch Ukraine (1/2 final)"]
[Site "masterchessopen.com Alushta (Ukraine)"]
[Date "2006.05.15"]
[Round "3"]
[White "Sumets Andrey (UKR)"]
[Black "Kalinina Olga (UKR)"]
[Result "1-0"]
[WhiteElo "2523"]
[BlackElo "2191"]

1.d4 d5 2.c4 dxc4 3.e3 e6 4.Bxc4 Nf6 5.Nf3 c5 6.O-O a6 7.dxc5 Bxc5 8.Qxd8+
Kxd8 9.Nbd2 b5 10.Be2 Bb7 11.a4 b4 12.Ne5 Rf8 13.Nb3 Be7 14.Na5 Bd5 15.Rd1
Nfd7 16.Nd3 Nc6 17.Nxc6+ Bxc6 18.Ne5 Rc8 19.Bxa6 Rc7 20.Bb5 Bxb5 21.axb5 Bc5
22.b6 Rb7 23.Ra7 {#r} 1-0

[Event "It (open)"]
[Site "masterchessopen.com Sort (Spain)"]
[Date "2006.06.30"]
[Round "5"]
[White "Kohlweyer Bernd (GER)"]
[Black "Mirzoev Azer (AZE)"]
[Result "0-1"]
[WhiteElo "2402"]
[BlackElo "2543"]

1.d4 d5 2.c4 dxc4 3.Nf3 Nf6 4.e3 e6 5.Bxc4 c5 6.O-O a6 7.Bb3 Nbd7 8.Re1 b5
9.e4 Bb7 10.Bg5 h6 11.Bxf6 Qxf6 12.a4 cxd4 13.axb5 Bb4 14.Nbd2 O-O 15.Qe2 Nc5
16.Bc4 a5 17.e5 Qg6 {#R} 0-1